LEADER 01083nam a2200289 i 4500 001 991001254319707536 005 20020502185744.0 008 000511s1990 us ||| | eng 020 $a0306435519$c166300 035 $ab11485875-39ule_inst 035 $aPRUMB57606$9ExL 040 $aDUSS - Diploma Universitario in Servizio Sociale$bita 082 0 $a340 100 1 $aLevi, Judith N.$0222583 245 10$aLanguage in the judicial process /$cedited by Judith N. Levi and Anne Graffam Walker 260 $aNew York :$bPlenum Press,$c1990 300 $aXXIX, 373 p. :$bill. ;$c24 cm. 490 0 $aLaw, society, and policy ;$v5 500 $aInclude bibliografia. 650 4$aLinguaggio e diritto 700 1 $aWalker, Anne Graffam 907 $a.b11485875$b01-03-17$c01-07-02 912 $a991001254319707536 945 $aLE024 DIR PB C VIII 18$g1$i2024000020187$lle021$nex DUSS$o-$pE0.00$q-$rl$s- $t0$u1$v0$w1$x0$y.i11677223$z01-07-02 996 $aLanguage in the judicial process$9812354 997 $aUNISALENTO 998 $ale021$b01-01-00$cm$da $e-$feng$gus $h0$i1